75 éve volt a gödöllői Világdzsembori lobogjon a Magyar Szolidaritás Emléktüze

Bibliographic Details
Main Author: Arató, László (Author)
Format: Article
Language:Hungarian
PhysicalDescription:Fotogr.
ISSN:1336-0434
Subjects:

MARC

LEADER 00000nab a2200000 ar4500
001 vtls009408552
003 SK-MaSNL
005 20260318122408.0
008 081120c2008 xo |||||||| 000 b|hun
015 |a SNBRB2008/11  |2 snkbucl 
038 |a SNKBUCL 
040 |a DSZK  |b slo  |c DSZK  |e AACR2 
041 0 |a hun 
044 |a xo  |c SK 
080 |a 379.831:061.2  |x (100)  |2 1997 
080 |a 796.03  |2 1997 
080 |a 061.3  |x (439)  |x "1933"  |2 1997 
100 1 |a Arató, László  |4 aut  |9 489726 
245 1 0 |a 75 éve volt a gödöllői Világdzsembori  |b lobogjon a Magyar Szolidaritás Emléktüze  |c Arató László 
246 3 |a Hetvenöt éve volt a gödöllői Világdzsembori 
300 |b Fotogr. 
500 |a Článok bol uverejnený v augustovom čísle časopisu Família magazin 
611 2 7 |a Jamboree  |n (4. :  |d 1933 :  |c Gödöllő, Maďarsko)  |2 snkbucl  |9 1530557 
650 0 7 |a skauting  |2 snkbucl  |9 3238 
650 0 7 |a skautské svetové stretnutia  |2 snkbucl  |9 1530663 
651 7 |a Gödöllő (Maďarsko)  |2 snkbucl  |9 556444 
773 0 |t Cserkész  |g Évf. 18, sz. 9 (2008), o. 22-23  |x 1336-0434 
852 |a SNK  |b KIS3GCP 
852 |a DSZK  |b KIS3GCP 
958 |a HU 
958 |a SK 
999 |c 3082513  |d 3084443